| 000 | 01013nam a22002537a 4500 | ||
|---|---|---|---|
| 005 | 20240530110613.0 | ||
| 008 | 161122s2014 ua f 000 0 ara d | ||
| 017 |
_a2014/2999 _bمصر . دار الكتب المصرية |
||
| 020 | _a9789774278914 | ||
| 040 | _aEG-CaGPL | ||
| 082 | 0 | 4 |
_221 _a321.800962 _bق/ع هـ |
| 100 | 0 | _aعمرو حمزاوي | |
| 245 | 1 | 0 |
_aهامش للديموقراطية في مصر : _bمحطات وقضايا تحول لم تتم / _cعمرو حمزاوي |
| 250 | _aط.1 | ||
| 260 |
_aالقاهرة : _bالدار المصرية اللبنانية ، _c2014. |
||
| 300 |
_a456 ص. ؛ _c20 سم. |
||
| 490 | 0 | _aمسارات المرحلة الانتقالية من يناير 2011 حتى 30 يونيو 2013 | |
| 650 | 0 | 7 |
_2qrmak _aالسياسة |
| 650 | 0 | 7 |
_2qrmak _aالديموقراطية |
| 650 | 0 | 7 |
_2qrmak _aالفكر السياسي |
| 651 | 0 | 7 |
_2qrmak _aمصر _xالاحوال السياسية |
| 942 |
_2ddc _cBK |
||
| 999 |
_c62899 _d62899 |
||